Welthauptstädte am nächsten an Maskat - Statistiken

Allgemein
  • Dieses Quiz wurde 99 mal gespielt
  • Das Durchschnittsergebnis liegt bei 15 aus 20
Antwortstatistiken
km Hauptstadt % Korrekt
1740 Bagdad
97%
1503 Teheran
95%
418 Abu Dhabi
92%
1191 Riad
91%
1217 Kuwait-Stadt
90%
1747 Sanaa
90%
1816 Islamabad
86%
719 Doha
84%
1602 Kabul
78%
840 Manama
77%
2392 Amman
75%
2098 Dschibuti
68%
1954 Neu-Delhi
68%
2030 Baku
65%
2257 Jerewan
63%
2374 Tiflis
61%
2233 Asmara
58%
1595 Aşgabat
57%
2210 Taschkent
56%
1927 Duschanbe
46%
Keine übereinstimmenden Quizze gefunden
Verteilung der Resultate
Anzahl Personen mit jedem Resultat
Perzentil nach korrekt beantworteten Fragen
Ihre Resultats-Entwicklung
Sie haben dieses Quiz noch nicht gespielt